Missing Word: TV Shows with 'A' Quiz Stats

 Plays Quiz Updated Mar 14, 2012

     
Support Sporcle.
Go Orange.
Score 0/20 Timer 02:00
1 Play Today
Television Show Answer % Correct
Grey's _______Anatomy
98.7%
___ You Afraid of the Dark?Are
96.9%
Whose Line Is It ______?Anyway
95.3%
Clarissa Explains It ___All
89.3%
Mad _____ YouAbout
88.2%
__ the World TurnsAs
86.7%
Charlie's ______Angels
86.2%
Judging ___Amy
77%
_________ to JimAccording
76.9%
___ of CakesAce
72.5%
Television Show Answer % Correct
Iron Chef _______America
68.4%
______ Bunker's PlaceArchie
61.2%
______: The Last AirbenderAvatar
60.3%
Green _____Acres
57.9%
Covert ______Affairs
43.6%
______ City LimitsAustin
42.5%
Kate & _____Allie
39.1%
____-12Adam
39%
_______ WorldAnother
29.3%
_____ Smith and JonesAlias
25.1%

Today's Daily Dose

Missing Word
Brands of Alcohol

Word Ladder
A Little Room?

Get the Picture
SpongeBob Rivalry

From the Vault

For Sale: Game of Thrones

by beisaa

The Westeros real estate market is hot right now.
Remove Ads.
Support Sporcle.
Get the best of Sporcle when you Go Orange. This ad-free experience offers more features, more stats, and more fun while also helping to support Sporcle. Thank you for becoming a member.

Show Comments

Extras

Top Quizzes Today


Score Distribution

Your Account Isn't Verified!

In order to create a playlist on Sporcle, you need to verify the email address you used during registration. Go to your Sporcle Settings to finish the process.

Report this User

Report this user for behavior that violates our Community Guidelines.

Details: